000 00898nam a2200277 i 4500
001 bg
003 BPK
005 20200814144727.0
008 940404s1986 pl f f |000 0 pol
040 _cBPK
041 _apol
080 _a544
080 _a(075.8)
100 1 _aPigoń, Krzysztof
_d(1925-2001)
_eAutor
245 1 0 _aChemia fizyczna.
_nCz. 1 /
_cKrzysztof Pigoń, Zdzisław Ruziewicz.
250 _aWyd.3 popr.
260 _aWarszawa :
_bPaństwowe Wydawnictwo Naukowe,
_c1986.
300 _a467 s. :
_bil. ;
_c24 cm.
490 1 _aBiblioteka Chemii ;
_vt. 4
655 4 _aPodręczniki akademickie
650 4 _aChemia fizyczna
700 1 _aRuziewicz, Zdzisław
_d(1925-1997)
_eAutor
856 _uhttp://koha.tu.koszalin.pl/cgi-bin/koha/opac-detail.pl?biblionumber=2970
_yKatalog online BPK
830 _aBiblioteka Chemii
_vT. 4
942 _cKS
_2UKD
999 _c2970
_d2970